| 000 | 01848nam a2200409Ia 4500 | ||
|---|---|---|---|
| 001 | ebr10375720 | ||
| 003 | CaPaEBR | ||
| 006 | m u | ||
| 007 | cr cn||||||||| | ||
| 008 | 091211s2009 ne ab sbm 000 0 eng d | ||
| 020 | _z9781607500858 | ||
| 020 | _z160750085X | ||
| 020 | _z9789085855415 | ||
| 020 | _z9085855411 | ||
| 040 |
_aCaPaEBR _cCaPaEBR |
||
| 035 | _a(OCoLC)591162524 | ||
| 050 | 1 | 4 |
_aQH545.D72 _bS35 2009eb |
| 100 | 1 |
_aSchipper, Cor, _d1957- |
|
| 245 | 1 | 0 |
_aAssessment of effects of chemical contaminants in dredged material on marine ecosystems and human health _h[electronic resource] / _cCornelis Anton Schipper. |
| 260 |
_aAmsterdam, Netherlands ; _aFairfax, VA : _bDeltares, IOS Press, _cc2009. |
||
| 300 |
_avii, 153 p. : _bill., map. |
||
| 490 | 1 |
_aDeltares select series, _x1877-5608 ; _v6 |
|
| 502 | _aPublished as the author's thesis (doctor, Wageningen University, 2009). | ||
| 504 | _aIncludes bibliographical references (p. 125-138). | ||
| 504 | _aIncludes list of author's publications (p. 147-149). | ||
| 533 |
_aElectronic reproduction. _bPalo Alto, Calif. : _cebrary, _d2011. _nAvailable via World Wide Web. _nAccess may be limited to ebrary affiliated libraries. |
||
| 546 | _aIn English; summary and acknowledgements in Dutch. | ||
| 650 | 0 |
_aAquatic organisms _xEffect of contaminated sediments on _zNetherlands. |
|
| 650 | 0 |
_aDredging spoil _xEnvironmental aspects _zNetherlands. |
|
| 650 | 0 |
_aDredging spoil _xHealth aspects _zNetherlands. |
|
| 650 | 0 |
_aAquatic ecology _zNetherlands. |
|
| 650 | 0 |
_aMarine ecosystem health _zNetherlands. |
|
| 655 | 7 |
_aElectronic books. _2local |
|
| 710 | 2 | _aebrary, Inc. | |
| 830 | 0 |
_aDeltares select series ; _vv. 6. |
|
| 856 | 4 | 0 |
_uhttp://site.ebrary.com/lib/rucke/Doc?id=10375720 _zAn electronic book accessible through the World Wide Web; click to view |
| 999 |
_c193105 _d193105 |
||